000 nam a22 7a 4500
999 _c330067
_d330067
003 NUST
005 20170607111019.0
008 170607b xxu||||| |||| 00| 0 eng d
022 _20367-4045
040 _c0
082 _a550.5 SHA
245 _aEconomic and Environmental Sustainability of Mineral Resouces of Pakistan:
_bProceeding of National Conference
_cEdited by M.Tahir Shah, Syed Hamidullah
260 _aPeshawar
_bUniversity of Peshawar
_c2004
300 _a228p.
500 _aP.B
942 _2ddc
_cBK
_k550.5 SHA